| 000 | 00435nam a2200181Ia 4500 | ||
|---|---|---|---|
| 005 | 20250423101437.0 | ||
| 008 | 250422s9999 xx 000 0 und d | ||
| 020 | _a0809427214 | ||
| 050 | _aF 2175.W66/ | ||
| 100 | _aWood, Peter | ||
| 245 | 4 | _aThe Spanish main (the seafarers) | |
| 260 | _aAlexandria | ||
| 260 | _bTime- life books inc. | ||
| 260 | _c1979 | ||
| 300 | _a176 p | ||
| 650 | _aSpanish main- history | ||
| 942 | _cBK | ||
| 999 |
_c36321 _d36321 |
||